000 00784cab a2200229 4500
001 WB3238-16
008 090401t1996 xxu||||| |||| 00| 0 eng d
035 _a(Sirsi) u20467
041 _aeng
245 _aDerivatives gain in popularity
260 _c1996
350 _a0
490 _aEstates Gazette
_v(9640) 5 October 1996, 58(1)
520 _aInterest in property derivatives has nearly doubled since 1994, creating the potential for a £10bn indirect market according to a survey of 62 institutional investors by Jones Lang Wootton.
650 _aINSTITUTIONAL INVESTMENT
650 _aINVESTORS
650 _aJONES LANG WOOTTON
650 _aPROPERTY DERIVATIVES MARKET
690 _aPROPERTY-PROPERTY FINANCE AND INVESTMENT
942 _n0
948 _c04/03/1997
999 _c13712
_d13712